कुमाउनी - हिन्दी लोकोक्ति एंव मुहावरा कोश (Record no. 368084)
[ view plain ]
| 000 -LEADER | |
|---|---|
| fixed length control field | 00929nam a2200241Ia 4500 |
| 003 - CONTROL NUMBER IDENTIFIER | |
| control field | OSt |
| 005 - DATE AND TIME OF LATEST TRANSACTION | |
| control field | 20220923223910.0 |
| 008 - FIXED-LENGTH DATA ELEMENTS--GENERAL INFORMATION | |
| fixed length control field | 220922b |||||||| |||| 00| 0 hin d |
| 037 ## - SOURCE OF ACQUISITION | |
| Terms of availability | Textual |
| 040 ## - CATALOGING SOURCE | |
| Original cataloging agency | ARTS |
| Transcribing agency | ARTS |
| Language of cataloging | hin |
| 041 ## - LANGUAGE CODE | |
| Source of code | hin |
| Language code of text/sound track or separate title | hin |
| 100 ## - MAIN ENTRY--PERSONAL NAME | |
| Personal name | काण्डपाल, लता; काण्डपाल, दीपा |
| 9 (RLIN) | 167656 |
| 245 #0 - TITLE STATEMENT | |
| Title | कुमाउनी - हिन्दी लोकोक्ति एंव मुहावरा कोश |
| 246 ## - VARYING FORM OF TITLE | |
| Title proper/short title | Kumāunī - hindī lokokti eanva muhāvarā kosha |
| 260 ## - PUBLICATION, DISTRIBUTION, ETC. | |
| Place of publication, distribution, etc. | नई दिल्ली |
| Name of publisher, distributor, etc. | अनामिका पब्लिशर्स |
| Date of publication, distribution, etc. | 2002 |
| 300 ## - PHYSICAL DESCRIPTION | |
| Extent | 568पृ. |
| Dimensions | cm. |
| 942 ## - ADDED ENTRY ELEMENTS (KOHA) | |
| Classification part | P445,4k, 152P2 |
| Koha item type | Textual |
| Source of classification or shelving scheme | Colon Classification (CC) |
| Withdrawn status | Lost status | Damaged status | Not for loan | Home library | Current library | Date acquired | Total Checkouts | Full call number | Barcode | Date last seen | Price effective from | Koha item type |
|---|---|---|---|---|---|---|---|---|---|---|---|---|
| Arts Library | Arts Library | 2022-09-23 | P445,4k 152P2 | AL1343200 | 2022-09-23 | 2022-09-23 | Textual |
